Správa z kongresu Americkej kardiologickej spoločnosti (AHA) Chicago, 17. - 20. november 2002

Bibliographic Details
Main Author: Murín, Ján, 1949- (Author)
Format: Article
Language:Slovak
ISSN:1210-0048
Subjects:

MARC

LEADER 00000nab a2200000 a 4500
001 vtls000837246
003 SK-MaSNL
005 20260304105524.0
008 250429c2003 xo 0 slo
015 |a SNBRB2003/06-16450 
035 |a CLN000188901 
035 |a urn:nbn:sk:snk-ab32ez 
035 |a (urnnbn)urn:nbn:sk:snk:ar-a05oxg 
035 |a (uuid)7684d694-7f58-4496-8083-1d5669ff7974 
040 |a SNKBUCL  |b slo  |c SNKBUCL  |e AACR2 
041 0 |a slo 
044 |a xo  |c SK 
080 |a 616.12-061.22(73):061.3  |2 1997 
100 1 |a Murín, Ján,  |d 1949-  |4 aut  |9 192427 
245 1 0 |a Správa z kongresu Americkej kardiologickej spoločnosti (AHA)  |b Chicago, 17. - 20. november 2002  |c Ján Murín 
610 7 |a Americká kardiologická spoločnosť  |x kongresy  |y 2002  |2 snkbucl  |9 840005 
650 0 7 |a kardiológia  |x kongresy  |2 snkbucl  |9 13400 
655 7 |a články z novín a časopisov  |2 snkbucl  |9 267496 
773 0 |t Kardiológia  |g Roč. 12, č. 2 (2003), s. K/C 19  |x 1210-0048 
850 |a Slovenská národná knižnica 
852 |a Slovenská národná knižnica 
958 |a article27 
958 |a OND 
958 |a US 
958 |a MI 
999 |c 2855986  |d 2857916